Olympique de Marseille - Tous les joueurs (2000-2010) - Statistiques

Statistiques générales
  • Ce quiz a été pris 36 fois
  • Le résultat moyen est 45 sur 166
Statistiques - réponses
Saisons Nationalité Joueur Nb de matchs % Correct
2005-2010 Sénégal Mamadou Niang 153
97%
2003-2004 Côte d'Ivoire Didier Drogba 35
94%
2004-2008 France Samir Nasri 121
87%
2004-2010 Nigeria Taye Taiwo 162
87%
2001-2002 France Ibrahim Ba 9
84%
2005-2009 Albanie Lorik Cana 122
84%
2007-2010 France Steve Mandanda 108
84%
2007-2010 France Benoît Cheyrou 101
77%
2004-2005 France Bruno Cheyrou 19
77%
2005-2007 France Franck Ribéry 60
77%
2006-2010 France Mathieu Valbuena 106
77%
2006-2009 France Djibril Cissé 58
74%
2009-2010 France Edouard Cissé 32
74%
2009-2010 Sénégal Souleymane Diawara 37
74%
2003-2006 France Fabien Barthez 74
71%
2007-2010 Burkina Faso Charles Kaboré 60
68%
2009-2010 Argentine Gabriel Heinze 27
68%
2007-2008 Ghana André Ayew 9
65%
2009-2010 Ghana Jordan Ayew 4
65%
2009-2010 Argentine Lucho Gonzalez 32
65%
2002-2003, 2005-2008 France Cédric Carrasso 59
61%
2007-2009 Pays-Bas Boudewijn Zenden 54
58%
2008-2010 Brésil Brandao 46
58%
2003-2008 Sénégal Habib Beye 128
58%
2008-2010 France Hatem Ben Arfa 62
55%
2000-2001 Liberia George Weah 19
52%
2007-2009 Algérie Karim Ziani 49
52%
2009-2010 Cameroun Stéphane Mbia 27
52%
2009-2010 Espagne Fernando Morientes 12
48%
2007-2010 France Laurent Bonnart 97
48%
2005-2007 France Mickaël Pagis 47
48%
2000-2006 Côte d'Ivoire Abdoulaye Méïté 116
45%
2008-2010 Côte d'Ivoire Bakari Koné 55
45%
2001-2004 Belgique Daniel Van Buyten 76
45%
2000-2004 Côte d'Ivoire Ibrahima Bakayoko 92
45%
2004-2006 Japon Koji Nakata 9
45%
2003-2004 Egypte Mido 22
45%
2004-2006 France Peguy Luyindula 37
45%
2005-2008 Nigeria Wilson Oruma 56
45%
2004-2005 France Bixente Lizarazu 14
42%
2003-2004 France Camel Meriem 31
42%
2006-2009 Cameroun Modeste M'Bami 77
42%
2001-2004 Croatie Vedran Runje 92
42%
2004-2006 France Benoît Pedretti 52
39%
2006-2009 France Julien Rodriguez 42
39%
2006-2009 France Ronald Zubar 73
39%
2009-2010 France Fabrice Abriel 32
35%
2001-2003 France Frank Leboeuf 51
35%
2007-2008 France Gaël Givet 29
35%
2008-2010 Brésil Hilton 48
35%
2000-2005 Algérie Brahim Hemdani 95
32%
2000-2003 Algérie Djamel Belmadi 54
32%
2003-2005 Russie Dmitri Sychev 33
32%
2003-2006 Espagne Koke 43
32%
2000-2004 Cap-Vert Manuel Dos Santos 98
32%
2005-2006 Argentine Christian Gimenez 21
29%
2009-2010 Brésil Elinton Andrade 3
29%
2001-2004 Brésil Fernandao 60
29%
2002-2005 France Johnny Ecker 57
29%
2007-2008 Argentine Juan Krupoviesa 6
29%
2004-2005, 2007-2008 Sénégal Leyti N'Diaye 5
29%
2003-2004 France Mathieu Flamini 14
29%
2005-2007, 2008-2009 Argentine Renato Civelli 46
29%
2003-2005 Sénégal Sylvain N'Diaye 42
29%
2005-2007 France Toifilou Maoulida 50
29%
2008-2009 Jamaïque Tyrone Mears 4
29%
2005-2006 Pérou Andrés Mendoza 11
26%
2000-2001 France Florian Maurice 13
26%
2004-2006 France Frédéric Déhu 57
26%
2001-2004 Sénégal Lamine Sakho 42
26%
2000-2001 Afrique du Sud Pierre Issa 9
26%
2001-2007 Cameroun Salomon Olembé 75
26%
2004-2005 France Fabrice Fiorèse 18
23%
2008-2009 Mali Mamadou Samassa 19
23%
2003-2005 France Steve Marlet 54
23%
2008-2009 France Sylvain Wiltord 13
23%
2001-2002 France Wilfried Dalmat 11
23%
2000-2001 France William Gallas 30
23%
2001-2003 France Cyril Chapuis 42
19%
2007-2009 France Elliot Grandin 16
19%
2002-2004 Suisse Fabio Celestini 59
19%
2004-2005, 2006-2007 Burkina Faso Habib Bamogo 45
19%
2000-2002 France Jérôme Leroy 35
19%
2003-2006 France Laurent Batlles 49
19%
2000-2001 France Stéphane Trévisan 25
19%
2000-2002 France Zoumana Camara 42
19%
2000-2001 France Benjamin Gavanon 1
16%
2001-2002, 2009-2010 France Cyril Rool 6
16%
2001-2003, 2005-2006 Portugal Delfim 34
16%
2001-2002 Brésil Dill 5
16%
2003-2005 France Jérémy Gavanon 10
16%
2000-2001 Brésil Marcelinho 19
16%
2003-2004 France Philippe Christanval 13
16%
2005-2007 France Sabri Lamouchi 37
16%
2003-2004 Tchéquie Stepan Vachousek 21
16%
2001-2002 Brésil André Luiz 22
13%
2005-2007 Slovénie Bostjan Cesar 24
13%
2000-2001 France Cyrille Pouget 11
13%
2003-2006 Brésil Demetrius Ferreira 59
13%
2008-2009 Maroc Elamin Erbate 4
13%
2001-2002 France Franck Jurietti 17
13%
2001-2002 France Guillaume Deschamps 1
13%
2002-2003 France Jérôme Perez 2
13%
2007-2008 Côte d'Ivoire Kanga Akalé 19
13%
2000-2002 France Karim Dahou 8
13%
2000-2001 Suède Klas Ingesson 13
13%
2000-2001 Argentine Lucas Bernardi 8
13%
2007-2008 Congo Matt Moussilou 4
13%
2002-2004 France Pascal Johansen 46
13%
2001-2003 Pologne Piotr Swierczewski 36
13%
2003-2004 Tchéquie Rudi Skacel 21
13%
2006-2008 Algérie Salim Arrache 12
13%
2000-2001 France Sébastien Grégori 1
13%
2000-2001, 2002-2004 France Sébastien Perez 44
13%
2000-2001 Brésil Adriano 14
10%
2005-2007 France Alain Cantareil 9
10%
2000-2001 Bosnie-Herzégovine Alen Skoro 6
10%
2001-2002 Espagne Alfonso 11
10%
2000-2002 France Damien Grégorini 9
10%
2004-2005 Brésil Eduardo Costa 30
10%
2001-2003 Argentine Eduardo Tuzzio 22
10%
2000-2001 France Frédéric Brando 21
10%
2005-2007, 2009-2010 France Garry Bocaly 8
10%
2001-2002 Belgique Jürgen Cavens 5
10%
2007-2008, 2009-2010 Sénégal Pape M'Bow 4
10%
2001-2002 France Pascal Nouma 10
10%
2003-2006 Sénégal Rahmane Barry 5
10%
2001-2002 Italie Stefano Torrisi 2
10%
2005-2006 Brésil André Luis 15
6%
2003-2004 France David Sommeil 13
6%
2001-2002 Portugal Dimas 6
6%
2001-2004 France Fabien Laurenti 16
6%
2007-2009 Côte d'Ivoire Guy Gnabouyou 2
6%
2000-2001 France Jacques Abardonado 18
6%
2007-2008 Sénégal Jacques Faty 9
6%
2000-2001, 2002-2003 France Mickaël Marsiglia 3
6%
2001-2002 Espagne Rivera 12
6%
2005-2007 France Thomas Déruda 4
6%
2007-2008 France Vincent Gragnic 3
6%
2004-2005 France Ahmed Yahiaoui 5
3%
2002-2003 Sénégal Amadou M'Bodji 2
3%
2000-2002 France Bruno N'Gotty 32
3%
2000-2001 France Cédric Mouret 9
3%
2000-2001 Mali Dramane Coulibaly 4
3%
2003-2004 Tunisie Fabien Camus 2
3%
2000-2001 Serbie Jovan Stankovic 6
3%
2002-2004 France Laurent Merlin 2
3%
2000-2001 France Patrick Blondeau 12
3%
2001-2002 France Philippe Brunel 11
3%
2008-2009 France Rudy Riou 1
3%
2005-2006 France Alexis Pradie 1
0%
2005-2006 France Anthony Flachi 1
0%
2005-2006 Sénégal Djim N'Gom 1
0%
2001-2002 France Fabrice Fernandes 4
0%
2000-2001 France Jean-Christophe Marquet 3
0%
2007-2008 France Jean-Philippe Sabo 1
0%
2005-2006 France Jérôme Bonnissel 5
0%
2001-2002 Nigeria Joseph Yoko 23
0%
2003-2004 Sénégal Khalifa Ba 1
0%
2005-2006 Sénégal Mame N'Diaye 1
0%
2002-2003 France Michel Gafour 5
0%
2005-2006, 2008-2009 France Mohamed Dennoun 2
0%
2005-2006 Sénégal Moustapha Papa Diop 1
0%
2000-2001 Argentine Pablo Calandria 1
0%
2003-2004 France Thierry Racon 1
0%
2005-2006 France Vincent Gastine 1
0%
Aucun quiz correspondant
Distribution des résultats
% des personnes avec chaque résultat
Percentile par nombre de réponses
Votre historique - résultats
Vous n’avez pas pris ce quiz